El Centro de Documentación (CEDOC) de la Secretaría de las Mujeres de la Ciudad de México es la unidad documental destinada a promover un acervo especializado de carácter bibliográfico, hemerográfico y documental que contribuya al diagnóstico de la condición y posición social de las mujeres, facilitando a las personas usuarias información en materia de género, derechos humanos de las mujeres, igualdad sustantiva entre mujeres y hombres, prevención y atención a la violencia contra las mujeres y políticas públicas para la igualdad.

Año internacional de la mujer: programa para México (Registro nro. 17015)

Detalles MARC
000 -CABECERA
campo de control de longitud fija 00854nam a2200205Ia 4500
003 - IDENTIFICADOR DEL NÚMERO DE CONTROL
campo de control MXCEDOC
005 - FECHA Y HORA DE LA ÚLTIMA TRANSACCIÓN
campo de control 20251203121857.0
008 - DATOS DE LONGITUD FIJA--INFORMACIÓN GENERAL
campo de control de longitud fija 210312s9999||||xx |||||||||||||| ||und||
040 ## - FUENTE DE LA CATALOGACIÓN
Centro catalogador/agencia de origen IMDF
Centro/agencia transcriptor IMDF
041 ## - CÓDIGO DE LENGUA
Código de lengua del texto/banda sonora o título independiente spa
082 ## - NÚMERO DE LA CLASIFICACIÓN DECIMAL DEWEY
Número de clasificación CDOBR,305.42,A63
245 ## - MENCIÓN DE TÍTULO
Título Año internacional de la mujer: programa para México
260 ## - PUBLICACIÓN, DISTRIBUCIÓN, ETC.
Lugar de publicación, distribución, etc. México :
Nombre del editor, distribuidor, etc. Programa de México para el Año Internacional de la Mujer,
Fecha de publicación, distribución, etc. 1975
300 ## - DESCRIPCIÓN FÍSICA
Extensión 49 p.
505 ## - NOTA DE CONTENIDO CON FORMATO
Nota de contenido con formato Conferencia mundial igualdad desarrollo paz 1975. -- Contenido: 1. Declaración de México 1975, sobre la igualdad de la mujer y su contribución al desarrollo y la paz. -- 2. Plan de acción mundial. -- 3. Resoluciones aprobadas. -- Anexo: Lista de instrumentos pertinentes.
650 ## - PUNTO DE ACCESO ADICIONAL DE MATERIA--TÉRMINO DE MATERIA
Término de materia o nombre geográfico como elemento de entrada CONDICION DE LA MUJER
9 (RLIN) 172
650 ## - PUNTO DE ACCESO ADICIONAL DE MATERIA--TÉRMINO DE MATERIA
Término de materia o nombre geográfico como elemento de entrada CONFERENCIAS INTERNACIONALES
9 (RLIN) 588
942 ## - ELEMENTOS DE ENTRADA AGREGADA (KOHA)
Tipo de ítem Koha Libro
Fuente del sistema de clasificación o colocación Clasificación Decimal Dewey
Existencias
Estado de retiro Estado de pérdida Fuente del sistema de clasificación o colocación Estado dañado No para préstamo Biblioteca de origen Biblioteca actual Fecha de adquisición Número de inventario Total de préstamos Signatura topográfica completa Código de barras Fecha visto por última vez Precio válido a partir de Tipo de ítem Koha
    Clasificación Decimal Dewey     CEDOC CEDOC 02/09/2015 CDOBR 03545   CDOBR,305.42,A63 13551 12/03/2021 12/03/2021 Libro



Dirección: 
Calle Tlaxcoaque No. 8, Planta Baja, Colonia Centro, Alcaldía Cuauhtémoc, C.P. 06090
Horario de atención: lunes a viernes de 9:00 a 14:00 y de 14:30 a 16:00 horas. 
Teléfono: 55 5512-2836  Ext. 212
Correo electrónico: smujeres.cedoc@gmail.com